00314nam a2200121Ia 4500008004000000020001800040082001600058100002600074245002400100260004200124300001600166650001000182210210b1996 xxu||||| |||| 00| 0 eng d a81 7596 040 X a535.58 SILL aSILFVAST (William T). aLaser fundamentals. aN DbCambridge University Pressc1996 axxii,521,iv aLaser